| 000 | 00701nam a22002057a 4500 | ||
|---|---|---|---|
| 999 |
_c8339 _d8339 |
||
| 003 | AR-CdUCM | ||
| 008 | 190322b ||||| |||| 00| 0 spa d | ||
| 040 |
_aMUNICIPALIDAD PROVINCIAL DEL CUSCO _cBIBLIOTECA MUNICIPAL DEL CUSCO |
||
| 082 |
_a576 / _bG48 |
||
| 100 |
_aGil Mariño, J. _923405 |
||
| 245 | _aMicrobiología / | ||
| 260 |
_aBuenos Aires : _bUniversitaria, _c1969. |
||
| 300 |
_a297 paginas ; _c26 cm. |
||
| 505 | _aContenido :Microscopia -- Microbiología -- Infección -- Desinfectación -- Veillonrella ... | ||
| 650 |
_aMicrobiología médica. _923406 |
||
| 650 |
_aBacteriología médica. _923407 |
||
| 650 |
_aParasitología médica _923408 |
||
| 942 |
_2ddc _cLIBROS |
||
| 945 | _arum | ||